[Event "Open13 06/07"]
[Site "?"]
[Date "2007.04.07"]
[Round "8"]
[White "Wallet, Patrick"]
[Black "Estevez, Eric"]
[Result "1/2-1/2"]
[WhiteElo "1830"]
[BlackElo "1940"]
[PlyCount "154"]

1. e4 e5 2. Nf3 Nf6 3. d4 exd4 4. e5 Nd5 5. Nxd4 Bc5 6. Bc4 Nb6 7. Bb3 Qh4 8.
c3 Nc6 9. O-O Bxd4 10. cxd4 Qxd4 11. Qxd4 Nxd4 12. Bd1 O-O 13. Be3 Nf5 14. Bxb6
axb6 15. Nc3 Ra5 16. f4 Ne3 17. Re1 Nxd1 18. Rexd1 f6 19. b4 Ra3 20. Nb5 Ra4
21. Nxc7 Rxb4 22. Nd5 Rb2 23. exf6 gxf6 24. Rdb1 Rd2 25. Nxb6 d5 26. Rd1 Rxd1+
27. Rxd1 Be6 28. Nxd5 Kf7 29. Nb4 Rc8 30. g3 Rc4 31. a3 Bg4 32. Ra1 Rd4 33. Rc1
Kg6 34. h4 Rd2 35. Rc2 Rd1+ 36. Kf2 Ra1 37. Rc3 Rd1 38. Ke3 h5 39. Rd3 Re1+ 40.
Kd4 Bf5 41. Re3 Rd1+ 42. Kc5 Rd7 43. Nd5 Kf7 44. Nb6 Rc7+ 45. Kd4 Be6 46. Rc3
Rxc3 47. Kxc3 Ke7 48. Kd4 Kd6 49. Nc4+ Kc6 50. Nd2 Kb5 51. Ne4 f5 52. Nd6+ Kc6
53. Ke5 Bb3 54. Nxf5 Kc5 55. Nd4 Bg8 56. f5 Kc4 57. Ke4 Bh7 58. Ke3 Kd5 59. f6
Bg8 60. Nb3 b6 61. Kf4 Kc4 62. Nc1 Kc3 63. g4 hxg4 64. Kxg4 Kd2 65. h5 Kxc1 66.
h6 Kb2 67. f7 Bxf7 68. h7 Kxa3 69. h8=Q Bb3 70. Qd4 b5 71. Kf3 Bc4 72. Qc3+ Bb3
73. Ke3 b4 74. Qa1+ Ba2 75. Kd2 b3 76. Kc3 Ka4 77. Qb2 Kb5 $18 (77... Kb5 78.
Qe2+ Kc6 79. Qc4+ Kd7 80. Kd4 Kd8 81. Qd5+ Kc7 82. Kc5 Kb8 83. Kb6 Kc8 84. Qd6
b2 85. Qc7#) 1/2-1/2

[Event "Open13 06/07"]
[Site "?"]
[Date "2007.04.07"]
[Round "8"]
[White "Regaud, Denis"]
[Black "Porte, Jacques"]
[Result "1-0"]
[WhiteElo "1670"]
[BlackElo "1505"]
[PlyCount "105"]

1. d4 g6 2. c4 Bg7 3. Nc3 e6 4. e4 Ne7 5. Nf3 d6 6. Be2 Nd7 7. O-O O-O 8. Bg5
c5 9. Qd2 Re8 10. Rad1 a6 11. Rfe1 Qc7 12. Bf1 f6 13. Bh6 Bh8 14. Bf4 e5 15.
dxe5 dxe5 16. Be3 Nb6 17. Qd6 Qxd6 18. Rxd6 Nd7 19. Red1 b6 20. Rxd7 Bxd7 21.
Rxd7 Rad8 22. Rxd8 Rxd8 23. Be2 Nc6 24. Kf1 Kf7 25. Nd5 Rb8 26. Nd2 Bg7 27. Nb1
Bf8 28. Nbc3 Be7 29. Na4 Bd8 30. b3 a5 31. Nac3 Ra8 32. a4 Na7 33. Nb5 Nxb5 34.
cxb5 Ra7 35. Bc4 Kg7 36. g4 g5 37. Bd2 Kg6 38. Ne3 h5 39. h3 hxg4 40. hxg4 Rd7
41. Bd5 Be7 42. Nc4 Rd6 43. Nxd6 Bxd6 44. Ke2 Be7 45. Kd3 Bd6 46. Kc4 Kg7 47.
Bxa5 bxa5 48. b6 Kf8 49. Kb5 Ke7 50. Kxa5 Kd7 51. Bb7 Bb8 52. Kb5 Kd6 53. a5
1-0

[Event "Open13 06/07"]
[Site "?"]
[Date "2007.04.07"]
[Round "8"]
[White "Mazzerbo, Olivier"]
[Black "Torelli, Roger"]
[Result "1-0"]
[WhiteElo "1800"]
[BlackElo "1780"]
[PlyCount "37"]

1. d4 e6 2. c4 f5 3. Nc3 Nf6 4. Bf4 Bb4 5. a3 Bxc3+ 6. bxc3 O-O 7. Nf3 b6 8. e3
Bb7 9. Bd3 Be4 10. O-O d6 11. Ng5 Qe8 12. Nxe4 Nxe4 13. Qc2 g5 14. Bxe4 gxf4
15. Bxa8 c6 16. exf4 Qe7 17. Qa4 Qc7 18. Rfe1 Kf7 19. d5 1-0

[Event "Open13 06/07"]
[Site "?"]
[Date "2007.04.07"]
[Round "8"]
[White "Pierrugues, Laurent"]
[Black "Estevez, Ange"]
[Result "1-0"]
[WhiteElo "1910"]
[BlackElo "1780"]
[PlyCount "107"]

1. e4 d5 2. exd5 Nf6 3. d4 e6 4. Nf3 exd5 5. Bd3 Bd6 6. O-O O-O 7. Re1 Re8 8.
Nc3 c6 9. Bg5 Rxe1+ 10. Qxe1 Be6 11. Qd2 Nbd7 12. Re1 Qc7 13. h3 h6 14. Be3 a6
15. Nh4 c5 16. Bf5 Re8 17. Bxe6 Rxe6 18. Nf5 Bf8 19. dxc5 Bxc5 20. Nxd5 Nxd5
21. Qxd5 Bxe3 22. Nxe3 Nf6 23. Qf3 Qb6 24. b3 Qb4 25. Rd1 Qb6 26. Nd5 Nxd5 27.
Qxd5 Rf6 28. Qd8+ Qxd8 29. Rxd8+ Kh7 30. Rd7 b6 31. f3 Kg6 32. Kf2 Re6 33. Rd4
f5 34. a4 a5 35. c3 Kf6 36. b4 axb4 37. cxb4 g5 38. a5 bxa5 39. bxa5 Re5 40. a6
Ra5 41. Rd6+ Kg7 42. Rd7+ Kf6 43. a7 Ke6 44. Rh7 Ke5 45. Ke3 Ra4 46. Kd3 f4 47.
Kc3 Ra1 48. Kc4 Ra5 49. Kb4 Ra1 50. Kc5 Ra5+ 51. Kb6 Ra1 52. Rxh6 Rb1+ 53. Kc7
Ra1 54. Kb7 1-0

[Event "Open13 06/07"]
[Site "?"]
[Date "2007.05.05"]
[Round "9"]
[White "Milesi, Laurent"]
[Black "Cortes, Antoine"]
[Result "1/2-1/2"]
[WhiteElo "2110"]
[BlackElo "2158"]
[PlyCount "31"]

1. b3 {Une ouverture loin des sentiers connus des grandes variantes ...} d5 2.
Bb2 Bg4 3. g3 e6 4. Bg2 Nf6 5. f4 Bd6 6. Nf3 Bxf3 7. Bxf3 Nbd7 8. e3 e5 9. fxe5
Nxe5 10. Nc3 c6 11. Qe2 Nxf3+ 12. Qxf3 Qe7 13. Ne2 Be5 14. Bxe5 Qxe5 15. O-O
O-O 16. Qf5 {(=) une nulle signée très vite, Laurent Milesi ayant déjà assuré
le gain du tournoi et le titre de CHAMPION DES BOUCHES-DU-RHONE avant le début
de la dernière ronde.} 1/2-1/2

[Event "Open13 06/07"]
[Site "?"]
[Date "2007.05.05"]
[Round "9"]
[White "Lecoq-Bernard, Francois"]
[Black "Lenfant, Francois"]
[Result "0-1"]
[WhiteElo "2000"]
[BlackElo "2106"]
[PlyCount "38"]
[EventDate "2007.??.??"]

1. d4 Nf6 2. g4 {Les Blancs ont décidé de mettre le feu !} d5 3. g5 Ne4 4. Bg2
Bf5 5. f3 Nd6 6. Nc3 c6 7. e4 Bg6 8. Nge2 Qa5 9. O-O e6 10. Nf4 Be7 11. exd5
$15 (11. h4 dxe4 12. fxe4 $11) 11... cxd5 12. Re1 (12. Qe1 {
est meilleur d'après Fritz...}) 12... Nc6 13. a3 Nf5 14. Nxg6 $19 (14. Nce2 {
est un peu plus résistant, mais l'avantage est déjà important pour les noirs ..
.}) 14... hxg6 15. Ne2 Ncxd4 16. Nxd4 Nxd4 17. Bf4 Nf5 18. Qd3 Qb6+ 19. Kh1 (
19. Kf1 {est moins pire ... mais sans espoir...}) 19... Bxg5 $1 {
sur la menace Ng3 mat, les blancs n'ont pas de défense convenable} 0-1

[Event "Open13 06/07"]
[Site "?"]
[Date "2007.05.05"]
[Round "9"]
[White "Anton, Jose"]
[Black "Pieri, Thierry"]
[Result "1-0"]
[WhiteElo "1977"]
[BlackElo "1927"]
[PlyCount "101"]
[EventDate "2007.??.??"]

1. e4 d6 2. d4 Nf6 3. Nc3 g6 4. Be3 c6 5. Qd2 b5 6. Bd3 Nbd7 7. Nf3 Ng4 8. Bg5
h6 9. Bh4 g5 (9... Bg7) 10. Bg3 Bg7 11. a4 b4 12. Ne2 a5 13. Nxg5 $6 $17 (13.
O-O-O) 13... Nxf2 $6 $16 (13... hxg5 {est plus simple} 14. Qxg5 Ndf6 15. h3 Kf8
$17) 14. Bxf2 hxg5 15. Qxg5 Bh6 16. Qg3 Nf6 17. h3 Bd7 18. O-O Qc7 19. e5 dxe5
20. dxe5 Nd5 21. Bc5 O-O-O 22. c4 $1 Rdg8 23. Qf3 Bxh3 $2 (23... Be3+ {
permet de rester dans la partie}) 24. Qxh3+ {
les noirs ont ils oublié l'échecs ?} Kb7 25. cxd5 Qxe5 {il y a bien d'autres
coups préférés par Fritz, mais ils ne sont pas très glorieux ...} 26. Qd7+ Qc7
27. dxc6+ Kb8 28. Qxc7+ Kxc7 29. Rxf7 Kxc6 30. Bd4 e5 31. Bf2 Rb8 32. Rc1+ Bxc1
33. Nxc1 Kd5 34. Ra7 Rbc8 35. Rxa5+ Ke6 36. Nb3 Rhd8 37. Ra6+ Kd5 38. Bh4 Re8
39. Ra5+ Ke6 40. Be4 Rc4 41. Ra6+ Kd7 42. Nd2 Rc1+ 43. Kf2 Rf8+ 44. Ke3 Re8 45.
Bf5+ Kc7 46. g4 Rh8 47. Bg3 Rh3 48. Ne4 Re1+ 49. Kf2 Rb1 50. Bxe5+ Kb7 51. Nc5#
1-0

[Event "Open13 06/07"]
[Site "?"]
[Date "2007.05.05"]
[Round "9"]
[White "Mazeau, Geoffroy"]
[Black "Robe, Pierre"]
[Result "1-0"]
[WhiteElo "1837"]
[BlackElo "1830"]
[PlyCount "131"]
[EventDate "2007.??.??"]

1. f4 f5 2. Nf3 Nf6 3. g3 g6 4. Bg2 Bg7 5. d3 d6 6. O-O O-O 7. Nc3 h6 8. e4 c6
9. Qe1 fxe4 10. Nxe4 Nxe4 11. dxe4 Nd7 12. Rb1 e5 13. b3 Re8 14. c4 $15 (14.
fxe5 {permet de garder un leger avantage} Nxe5 15. Nxe5 dxe5 16. Be3 $14) 14...
exf4 15. Bxf4 Nc5 16. e5 $17 (16. Rd1 $5 Nxe4 17. Bxd6 Nxd6 18. Rxd6 Qb6+ 19.
Qf2 Qxf2+ 20. Rxf2 $15) 16... dxe5 17. Be3 Qe7 18. Rd1 Bf5 19. Nh4 Bd3 $6 (
19... Bc2 20. Rd2 Be4 $11) 20. Rf2 (20. b4 $1 {la réfutation de Bb3} Bxf1 21.
Bxc5 Qg5 22. Bxf1 b6 $16) 20... g5 21. Nf5 Bxf5 22. Rxf5 Ne6 23. Bh3 Nd4 24.
Rf2 Rad8 25. Bg4 c5 26. Bh3 $19 (26. Bxd4 {le Nd4 est trop fort, il faut
l'enlever, et rester avec les B de couleurs opposées laisse des chances de
tenir ...} exd4 27. Re2 Qf8 28. Bf3 Rxe2 29. Qxe2 Re8 $17) 26... Rf8 (26... e4
$1 27. Bg4 Rf8 28. Rdd2 a6 29. Kg2 b6) 27. Bg2 b6 28. Bd5+ Kh8 29. Qf1 Rxf2 30.
Qxf2 Rf8 31. Qg2 Qf6 32. Rf1 Qxf1+ 33. Qxf1 Rxf1+ 34. Kxf1 Nc2 35. Bd2 Bf8 36.
Kg2 Kg7 37. Kh3 Kf6 38. Kg4 Nd4 39. h4 gxh4 40. gxh4 Nf5 41. Be4 (41. Bg5+ $5
Kg6 (41... hxg5 42. hxg5+ Kg6 43. Be4) 42. h5+ Kg7 43. Kxf5 hxg5 44. Kxg5 Be7+
45. Kf5 Kh6 46. Kxe5 Kxh5 47. Ke6 Bg5 48. Kd7 Kg4 49. Kc7 Bd2 50. Kb7 a5 51.
Kxb6 Bb4 $11) 41... h5+ 42. Kh3 Nd6 43. Bg5+ Ke6 44. Bf3 e4 45. Bxh5 Ke5 46.
Kg2 Nf5 47. Kf2 Kd4 48. Be2 Bg7 49. h5 Kc3 50. Bg4 Bd4+ 51. Ke2 Ng3+ 52. Ke1 e3
$2 (52... Kb2 53. Bh4 Nh1 54. h6 Kxa2 $17) 53. h6 {Diagramme #} Ne4 (53... Kc2
$1 {Menace Bc3 mat !} 54. Bxe3 Bxe3 55. h7 Bd4 56. Bd7 Kb2 57. Kd1 Kxa2 58. Kc2
$19) 54. Bh4 Kc2 {laissant passer une dernière chance de nulle...} (54... Kb2 {
55.Bf5 0.96} 55. Bf3 Nc3 $11) 55. Bf5 Kd3 56. Bxe4+ Kxe4 57. Ke2 Kf4 58. h7 a6
(58... Kf5 {trop tard aussi...} 59. Bg3 Kg6 60. Bb8 a6 (60... a5 61. Bc7 Kxh7
62. Bxb6 Kg6 63. Bxa5 $18) 61. Ba7 b5 62. Bxc5 Bf6 63. Kxe3 Kxh7 $18) 59. Bd8
b5 60. cxb5 axb5 61. Bb6 Ke4 62. Bxc5 Bh8 63. Bxe3 Kd5 64. Kd3 b4 65. Kc2 Ke4
66. Bc1 {Bb2 à venir ...} 1-0

[Event "Open13 06/07"]
[Site "?"]
[Date "2007.05.05"]
[Round "9"]
[White "Nari, Damien"]
[Black "Battaglia, Gerard"]
[Result "1/2-1/2"]
[WhiteElo "1755"]
[BlackElo "1890"]
[PlyCount "120"]
[EventDate "2007.??.??"]

1. e4 e6 2. d4 d5 3. Nc3 Nf6 4. Bg5 Bb4 5. e5 h6 6. exf6 hxg5 7. fxg7 Rg8 8. h4
gxh4 9. Nf3 Be7 (9... Qf6 {est plutot le coup joué}) 10. Qd2 Bf6 11. Qh6 Bxg7
12. Qh7 Kf8 13. Rxh4 Nd7 14. O-O-O Qf6 15. Qd3 a6 16. Ne2 (16. Qe3 b5 17. g4 b4
18. g5) 16... b6 17. Kb1 c5 18. Rf4 Qe7 19. c3 Qd6 20. Ng5 Nf6 21. dxc5 $11 (
21. Qf3 Qe7 22. Ng3 Rh8 23. Re1 Qd8 24. Bd3 $16) 21... bxc5 22. Qf3 Ke7 23. Ng3
Rh8 (23... Qe5 {est le seul coup correct d'après Fritz} 24. Nh3 Rb8 25. Be2 Kf8
26. Rh1 $11) 24. Re1 (24. N5e4 $1 Qe5 25. Nxf6 Bxf6 26. Rd3 $18) 24... e5 25.
Nf5+ Bxf5+ 26. Rxf5 e4 27. c4 Kf8 28. Qd1 Rb8 29. b3 Rh4 $14 (29... Re8 $11)
30. cxd5 (30. g3 Rh2 31. cxd5 Re8 32. Bc4 $16) 30... Rf4 $1 $17 31. Rxf4 Qxf4
32. Nh3 Qe5 33. f4 Qxd5 (33... Qc3 $1 34. Qc1 Nxd5 35. Qxc3 Nxc3+ 36. Kc2 f5
$17) 34. Qxd5 Nxd5 35. Kc2 f5 36. Bc4 Nb4+ 37. Kb1 Rb6 38. Rd1 Bd4 39. Ng5 Ke7
40. a3 (40. g4 $5) 40... Nc6 41. Ne6 Kf6 (41... Na5 42. Nxd4 cxd4 43. Rxd4 Nxb3
44. Bxb3 Rxb3+ 45. Ka2 Rg3 {les noirs gardent la pression dans la finale de R})
42. Nxd4 $2 $17 (42. Rh1 Kg6 43. Nf8+ Kg7 44. Ne6+ Kg6 $11) 42... cxd4 43. Kc2
d3+ 44. Kc3 a5 45. Rg1 Ne7 46. g4 Ng6 47. gxf5 Nxf4 48. Rf1 Kxf5 (48... Ke5 $19
49. Rh1 Kxf5 50. Kd2 Rg6 51. Kc3 Rg2) 49. Kd4 Rh6 50. b4 axb4 51. axb4 Rh2 52.
Be6+ $2 $19 (52. b5 $1 Rb2 $15) 52... Kg5 (52... Kxe6 $1 53. Kxe4 (53. Rxf4 d2
54. Rf1 Re2 55. Rd1 e3 56. Kd3 Re1 $19) 53... d2 54. Rd1 (54. Kxf4 Rf2+ $19)
54... Ng6 55. Ke3 Ne5 $19) 53. Kxe4 $2 (53. Rg1+ Kf6 54. Kxe4 Ne2 55. Rf1+ Kxe6
56. Kxd3 $11) 53... Re2+ 54. Kd4 Rxe6 55. Rd1 Kf5 56. b5 Re2 57. b6 (57. Rb1)
57... Rb2 58. Kc5 Ke4 59. Kc6 Rc2+ (59... Nd5 $1) 60. Kd6 Rb2 {
les Noirs proposent nulle dans une position gagnante !} (60... Rb2 61. Kc6 Ke3
62. b7 d2 63. Kc7 (63. Ra1 Ne6 $19) 63... Nd5+ 64. Kc8 Ne7+ 65. Kc7 Rc2+ 66.
Kd7 Nc6 $19) (60... d2 61. b7 Rb2 62. Kc7 Ne6+ 63. Kd6 (63. Kc8 Rc2+ 64. Kd7 (
64. Kb8 Nd8 $19) 64... Nc5+ $19) 63... Rb6+ 64. Ke7 Rxb7+ 65. Kxe6 Rb6+ 66. Kd7
Kd3 $19) 1/2-1/2

[Event "Open13 06/07"]
[Site "?"]
[Date "2007.05.05"]
[Round "9"]
[White "Thomet, Yannick"]
[Black "Jouet, Philippe"]
[Result "1/2-1/2"]
[WhiteElo "2040"]
[BlackElo "1920"]
[PlyCount "110"]
[EventDate "2007.??.??"]

1. d4 Nf6 2. e3 d5 3. Bd3 Bg4 4. f3 Bh5 5. Ne2 Bg6 6. O-O e6 7. Ng3 Bd6 8. Nd2
Bxd3 9. cxd3 Nc6 10. f4 g6 11. Nf3 Bf8 12. Ne5 Ne7 13. Bd2 c6 14. Bc3 Nf5 15.
Qe1 Bd6 16. e4 Nxg3 17. Qxg3 dxe4 18. Rae1 exd3 19. Qxd3 Nd5 20. f5 Bxe5 21.
Rxe5 Qd6 $14 (21... gxf5 {la prise du P est, selon Fritz la meilleure suite.}
22. Qxf5 Qd7 $11) 22. fxe6 fxe6 23. Rxe6+ Qxe6 24. Re1 Qxe1+ 25. Bxe1 O-O-O 26.
Bg3 Rhf8 27. h3 Nf4 28. Qd2 Rxd4 $1 29. Qa5 (29. Qe3 $5 g5 30. Qe7 Rdd8 31.
Qxg5 Ne2+ 32. Kh2 Nxg3 33. Qxg3 Rd2 $15) 29... Ne2+ 30. Kh2 Nxg3 31. Kxg3 Rd3+
32. Kh2 Kb8 $2 {bloque les R à la défense du mat} (32... a6 33. Qe1 (33. Qe5
Rfd8 34. Qe7) 33... Rf5 34. Qe7 Rd7 35. Qe6 Rfd5 $17) 33. Qe5+ $15 Ka8 34. Qg7
Rfd8 35. Qxh7 R3d6 36. a3 Kb8 37. Qg7 R8d7 38. Qe5 Kc8 39. b4 Kc7 40. h4 b6 41.
Kh3 Kb7 42. g3 Rd3 43. b5 R3d5 44. bxc6+ Kxc6 45. Qe6+ R5d6 46. Qe4+ Kc7 47.
Qa8 a5 48. Qa7+ Kc6 49. Qa6 Kc5 50. Qe2 Kd4 51. Qb2+ Kc4 52. a4 Rd8 53. Qb1
R8d7 54. Qb5+ Kc3 55. Qb1 Kc4 1/2-1/2

[Event "Open13 06/07"]
[Site "?"]
[Date "2007.05.05"]
[Round "9"]
[White "Simone, Herve"]
[Black "Thiers, Jean-Jacques"]
[Result "0-1"]
[WhiteElo "1720"]
[BlackElo "1680"]
[PlyCount "112"]
[EventDate "2007.??.??"]

1. e4 e5 2. f4 exf4 3. Nf3 Nc6 4. Bc4 d6 5. d4 Qf6 6. O-O $11 (6. Nc3 Bg4 7.
Nd5 Qd8 8. Bxf4 Nf6 9. O-O $18 {
et les blancs ont récupéré le P et garde un enorme avantage de développement})
6... Bg4 7. c3 Nge7 8. b4 g5 9. Qb3 Bg7 (9... O-O-O $5 10. Nbd2 Bxf3 11. Nxf3
g4 $15) 10. e5 dxe5 11. dxe5 Qf5 (11... Nxe5 12. Nxe5 Qxe5 13. Bxf7+ Kd8 14.
Bb2 Kc8 15. Nd2 Qe3+ 16. Rf2 Rf8) 12. Nd4 $17 (12. Nxg5 $5 Qxg5 13. Bxf7+ Kd8
14. Bxf4 Qh4 15. Nd2 a5 16. Bg3 $11) 12... Nxd4 13. cxd4 Qg6 14. Nc3 c6 (14...
O-O {une variante amusante ...} 15. Bb2 Nf5 16. Bd3 Nxd4 17. Qc4 Qb6 18. Nd5
Ne2+ 19. Kh1 Ng3+ 20. hxg3 Qh6+ 21. Kg1 fxg3 $19) 15. b5 Be6 $6 $18 (15... c5
$11) 16. bxc6 bxc6 17. Qb7 $5 {permet aux noirs de se mettre à l'abri} (17. Ba3
Bxc4 18. Qxc4 Qe6 19. Qc5 $16 {garde la pression}) 17... O-O $1 18. Bxe6 Qxe6
19. Ba3 Rfe8 20. Ne4 f6 21. Rae1 Nd5 22. exf6 Bxf6 23. Nxg5 $6 (23. Bc5 Reb8
24. Qa6 g4 25. Nc3 Qf5 26. Nxd5 cxd5 $14) 23... Bxd4+ 24. Kh1 Qg6 25. Ne6 Ne3 (
25... Be3 26. Nc5 Rab8 27. Qa6 $19) 26. Nxf4 Qg4 $4 $18 (26... Qf7 27. Qxf7+
Kxf7 28. Rf3 Kg8 $15) 27. Qxc6 $2 {rate le gain} (27. Rxe3 Reb8 (27... Bxe3 28.
Qb3+ Kg7 29. Qc3+ Kg8 30. Qc4+ Kg7 (30... Re6 31. h3 Qf5 32. Nxe6) 31. Bb2+)
28. Qxc6 Bxe3 29. Qd5+) 27... Rad8 28. Bd6 Qd7 29. Qxd7 Rxd7 30. Bb4 $2 (30.
Ba3 Re5 31. Rf3 Ng4 32. Ref1 Nf2+ 33. Kg1 Nh3+ 34. Kh1) 30... Rb8 $1 31. Ne6 (
31. a3 {limite les dégats} Nxf1 32. Rxf1 Re8 33. g3 Kg7 34. Kg2) 31... Nxf1 32.
Rxf1 Bg7 (32... Rf7 {gagne très vite} 33. Rxf7 Kxf7 34. Nxd4 Rxb4 35. Nb3 Ra4
$19) 33. a3 Re8 34. Ng5 (34. Nxg7 Kxg7 35. Kg1 Kg6 36. Rc1 Red8 37. Rc6+ Kf5
38. Kf2 Rd1) 34... Bf8 35. Ne4 Rxe4 36. Rxf8+ Kg7 37. Rf1 Rf7 38. Rxf7+ Kxf7
39. g3 Re2 40. Kg1 Ke6 41. Bc5 a6 42. h3 Kd5 43. Bb4 Ke4 44. Kf1 Ra2 45. h4 Kf3
46. Ke1 Kxg3 47. Be7 a5 48. Kd1 a4 49. Kc1 h5 50. Kd1 Rh2 51. Bd6+ Kh3 52. Be7
Kg4 53. Ke1 Rxh4 54. Bxh4 Kxh4 55. Kf2 Kg4 56. Kg2 Kf4 0-1

[Event "Open13 06/07"]
[Site "?"]
[Date "2007.05.05"]
[Round "9"]
[White "Girard, Jean-Pierre"]
[Black "Mazzerbo, Olivier"]
[Result "1-0"]
[WhiteElo "1973"]
[BlackElo "1800"]
[PlyCount "93"]
[EventDate "2007.??.??"]

1. e4 c6 2. d4 d5 3. Nd2 dxe4 4. Nxe4 Nd7 5. Nf3 Ngf6 6. Ng3 g6 7. Bc4 Bg7 8.
Bg5 O-O 9. Qd2 a5 10. O-O Nb6 11. Be2 Be6 12. b3 Re8 13. c4 Nc8 14. Rad1 Nd6
15. h3 Nde4 16. Nxe4 Nxe4 17. Qe3 Nxg5 18. Nxg5 Bf5 19. Nf3 Qb6 20. c5 Qc7 21.
Bc4 h6 $5 (21... a4 $5 22. b4 Rad8 $14) 22. g4 (22. Ne5 $1 {est plus juste}
Bxe5 23. dxe5 Kg7 24. g4 Bc8 25. f4 Rg8 26. Qd4 $18) 22... Bd7 23. Nh4 $11 (23.
Ne5 {encore} e6 24. Qf4 Bc8 25. Nxg6 $1 Qxf4 26. Nxf4 $16) 23... e6 24. Nf3 b6
25. cxb6 Qxb6 26. Ne5 Bxe5 27. Qxe5 Bc8 28. Qf4 Kg7 29. Rd3 Qb8 30. Qd2 Rd8 31.
h4 Qd6 32. Re1 (32. h5 $1 {la R peut devenir très active en restant en f1} g5
33. f4 gxf4 34. Rxf4 $16) 32... Bb7 33. Re5 Qb4 $6 {
rate une bonne occasion de revenir} (33... c5 $1 34. g5 hxg5 35. h5 cxd4 36.
Qxg5 Rh8 $1 $17 37. Rh3 Rh6) 34. Qe3 Qe7 35. h5 g5 36. f4 (36. Bxe6 $1 f6 (
36... fxe6 $4 37. Rxe6 Qf7 38. Qe5+ Kh7 39. Re7) 37. Re4 Re8 38. Qf3 a4 39.
Rde3 $18) 36... gxf4 37. Qxf4 Qf6 38. Qg3 Ba6 (38... c5 $5 {seul coup ...} 39.
dxc5 Kh8 40. a3 Rg8 41. Rd7 Bf3 42. g5 Rxg5 43. Rxg5 hxg5 $14) 39. g5 $1 hxg5
40. Rf3 Qe7 41. Rxg5+ Kh6 42. Rg4 (42. Rg7 $3 Rg8 {
est le coup le plus résistant ... c'est bien fini !}) 42... Bxc4 43. Qf4+ Kh7
44. bxc4 $4 (44. Qe4+ f5 45. Rxf5 Kh8 46. Qe5+ Kh7 47. Rf6 Bd5 48. Qg5 $18)
44... f5 $2 (44... Rg8 $1 {permet de tenir encore !} 45. Kf1 Rxg4 46. Qxg4 Rg8
47. Qe4+ Kh6 $16) 45. Rg6 $1 Qf8 46. Qc7+ Kh8 47. Rfg3 1-0

[Event "Open13 06/07"]
[Site "?"]
[Date "2007.05.05"]
[Round "9"]
[White "Regaud, Denis"]
[Black "Scamaroni, Jean-Paul"]
[Result "1-0"]
[WhiteElo "1670"]
[BlackElo "1820"]
[PlyCount "160"]
[EventDate "2007.??.??"]

1. d4 e6 2. c4 d5 3. Nc3 Nf6 4. cxd5 exd5 5. Bg5 Be7 6. e3 c6 7. Qc2 Nbd7 8.
Bd3 h6 9. Bh4 O-O 10. Nge2 Re8 11. O-O Bd6 12. Bg3 Qc7 $6 (12... Nb6 {
ou Bf8 était nécessaire}) 13. Nb5 $1 $18 cxb5 14. Qxc7 Bxc7 15. Bxc7 a6 16.
Rfc1 Nf8 17. h3 Ne6 18. Ng3 g6 (18... Ne4 $5) 19. b4 Bd7 20. Be5 Nh7 21. Rc2
Bc6 22. Rac1 Nhf8 23. Ne2 Nd7 24. Bd6 Rad8 25. Bg3 Nb6 26. Be5 Nc4 27. Bf4 g5
28. Bh2 Ng7 29. Ng3 Bd7 30. a4 f5 (30... bxa4 $5 31. Bxc4 dxc4 32. Rxc4 f5 $15)
31. axb5 axb5 32. Nf1 Ra8 33. Nd2 Ra3 34. Bxc4 bxc4 35. Nb1 Rb3 36. Nc3 Bc6 (
36... Be6 {est meilleur, évitant la suite de la partie} 37. b5 f4 $5 38. exf4
Bf5 39. Re2 Rxe2 40. Nxe2 gxf4 $11) 37. b5 $1 $16 Bxb5 38. Nxd5 Rf8 39. Nc7 Rc8
40. Be5 Rxc7 $5 {tente d'embrouiller les blancs, mais pas suffisant ...} (40...
Bd7 41. Rxc4 Kf7 $18) 41. Bxc7 Ne6 42. Be5 Kf7 43. Rc3 Rb2 44. Bd6 f4 45. d5
Ng7 46. e4 Re2 47. f3 Ra2 48. Ra3 Rd2 49. Bb4 Rb2 50. Bc3 Re2 51. Ra8 Ne8 52.
Rd8 Ke7 53. Rb8 Ba6 54. Bb4+ Kd7 55. Ba5 h5 56. Rd8+ Ke7 57. Ra8 g4 58. hxg4
hxg4 59. Re1 gxf3 60. gxf3 Ra2 61. Bd8+ Kd7 62. Bg5 c3 63. Bxf4 c2 64. Rc1 Nf6
65. Rh8 Be2 66. Kf2 Bd1 67. Rh6 Ne8 68. Rb6 Kc8 69. Rb3 Ra6 70. Rc3+ Kd7 71.
R1xc2 Bxc2 72. Rxc2 b5 73. Rb2 Rb6 74. Be5 Nd6 75. Bxd6 Kxd6 76. Ke3 Rb7 77.
Kd4 b4 78. e5+ Ke7 79. f4 Rb8 80. f5 Rb7 1-0

[Event "Open13 06/07"]
[Site "?"]
[Date "2007.05.05"]
[Round "9"]
[White "Estevez, Eric"]
[Black "Pierrugues, Laurent"]
[Result "0-1"]
[WhiteElo "1940"]
[BlackElo "1910"]
[PlyCount "162"]
[EventDate "2007.??.??"]

1. e4 e6 2. d4 d5 3. e5 c5 4. Nf3 Nc6 5. Bd3 {
une variante rare de la Française ...} Bd7 6. O-O Nge7 7. Nbd2 Ng6 8. Bxg6 (8.
c4 $5 Nf4 9. Bb1 cxd4 10. Nb3 $14 {
est probablement plus dans l'esprit de cette variante}) 8... hxg6 9. a4 $6 (9.
dxc5 Bxc5 10. c4 $11) 9... cxd4 (9... g5 $1 {menaçant g4 et Qh4} 10. h3 g4 11.
hxg4 Nxd4 12. Nxd4 Qh4 13. f4 cxd4 $19) 10. Nb3 $11 Qc7 11. Re1 Be7 12. Nbxd4
Nxd4 13. Nxd4 a6 14. Nf3 Rc8 15. Re2 Qc4 16. b3 Qg4 17. Ba3 Bxa3 18. Rxa3 Qh5
19. Qd2 O-O (19... Qh6 $5 20. a5 Qxd2 21. Rxd2 Ke7 22. Ra1 Rc3 23. h3 f6) 20.
h3 Rc7 21. b4 Rfc8 22. c3 Qh6 23. Re3 Qf4 24. Nd4 Rc4 25. Ne2 Qg5 26. f4 Qe7
27. Ra1 Qe8 (27... g5 $5 28. g3 gxf4 29. gxf4 Qh4 30. Rg3 $15) 28. Qd1 Qd8 29.
Kh2 d4 $6 $14 (29... g5 $5 $17) 30. Nxd4 Rxc3 31. Rxc3 Rxc3 32. b5 Qc7 33. bxa6
bxa6 34. Ne2 (34. Nf3 Qc4 $1 35. Qxd7 Qxf4+ 36. Kg1 Rxf3 37. Qd8+ Kh7 38. gxf3
Qg3+ 39. Kf1 Qxf3+ 40. Kg1 Qe3+ $11) 34... Rc4 $15 35. Ra2 Bc6 36. Qd6 (36. Rc2
$5 Bd5 37. Rxc4 Qxc4 38. Nd4 $15) 36... Qb6 (36... Qxd6 {
est tout à fait jouable avec un P de plus à venir ...} 37. exd6 Kf8 38. Rb2 (
38. a5 Ke8) 38... Ke8 39. Rb6 Rc2 $17) 37. a5 (37. Rd2) 37... Qf2 38. Qd8+ Kh7
39. Qg5 Re4 40. Qg4 Bd5 41. Nc3 Qxf4+ 42. Qxf4 Rxf4 43. Nxd5 exd5 44. Rd2 d4
45. g4 Re4 46. Kg3 Rxe5 47. Kf4 Rxa5 48. Rxd4 g5+ 49. Ke4 f6 50. Rd3 Kg6 (50...
g6 {pour faire un P passé sur les 2 ailes} 51. Rd7+ Kg8 52. Kf3 f5 $19) 51. Kd4
Kf7 52. Kc4 Ke6 53. Re3+ Re5 54. Ra3 a5 55. Rb3 Rd5 56. Re3+ Kd6 57. Re8 Re5
58. Rg8 Re3 59. Kb5 Rxh3 60. Rxg7 Ra3 61. Ra7 Ke5 62. Ra6 Rb3+ 63. Kc4 Rb4+ 64.
Kc3 Rxg4 65. Rxa5+ Kf4 66. Kd3 Rg3+ 67. Ke2 g4 68. Kf2 Rf3+ 69. Kg2 f5 70. Ra2
Kg5 71. Kg1 g3 72. Ra8 Kg4 73. Ra4+ f4 74. Ra2 Re3 75. Ra4 Kf3 76. Ra1 g2 77.
Kh2 Re2 78. Ra3+ Kf2 79. Ra1 Re1 80. Rxe1 Kxe1 81. Kxg2 Ke2 0-1

[Event "Open13 06/07"]
[Site "?"]
[Date "2007.05.05"]
[Round "9"]
[White "Nakache, Jonathan"]
[Black "Porte, Jacques"]
[Result "1-0"]
[WhiteElo "2140"]
[BlackElo "1505"]
[PlyCount "77"]

1. e4 c5 2. Nf3 Nc6 3. d4 cxd4 4. Nxd4 e6 5. Nc3 d6 6. Be3 Bd7 7. Qd2 a6 8. Bd3
Nf6 9. f3 Qc7 10. g4 Nxd4 11. Bxd4 Bc6 12. O-O-O b5 13. Rhe1 e5 14. Be3 Nd7 15.
Qf2 Be7 16. f4 f6 17. g5 b4 (17... exf4 18. Bxf4 fxg5 19. Bg3 O-O-O) 18. Ne2
Qa5 19. Kb1 Bb5 20. Ng3 g6 $6 (20... exf4 21. Bxf4 fxg5 22. Be3 g6 $11) 21. h4
$14 h5 $2 (21... exf4 22. Bxf4 Ne5 23. gxf6 Bxf6 $14 {
les noirs limitent les dégats}) 22. gxh6 (22. f5 $1 Bxd3 (22... gxf5 23. Nxf5)
(22... fxg5 23. fxg6 Rf8 24. Nf5) 23. Rxd3 Nc5 24. Rd5 $18) 22... exf4 $1 23.
Bxf4 Ne5 24. h5 b3 25. axb3 Bxd3 26. cxd3 Rb8 (26... g5 27. Bxe5 dxe5 {
résiste à peine plus ...}) 27. Qc2 (27. Bxe5 $1 Qxe5 28. hxg6 Rxh6 29. g7 Kf7
30. Rg1 $18) 27... O-O $2 (27... g5) 28. Bxe5 $18 Qxe5 29. Qc4+ Kh8 30. hxg6
Rg8 31. Qf7 Rxg6 32. Qxg6 Rg8 33. Qf7 Rxg3 34. h7 Rg2 35. Qe8+ Kxh7 36. Rh1+
Rh2 37. Rxh2+ Qxh2 38. Qxe7+ Kg6 39. Rf1 1-0